header

Private-public sector collaboration to enhance community disaster resilience (Record no. 101602)

MARC details
000 -LEADER
fixed length control field 01470nam a2200313 a 4500
245 00 - TITLE STATEMENT
Title Private-public sector collaboration to enhance community disaster resilience
260 ## - PUBLICATION, DISTRIBUTION, ETC. (IMPRINT)
Place of publication Washington, D.C. :
Name of publisher National Academies Press,
Year of publication 2010.
300 ## - PHYSICAL DESCRIPTION
Number of Pages xii, 74 p.
650 #0 - SUBJECT ADDED ENTRY--TOPICAL TERM
Topical Term Public-private sector cooperation
Topical Term Emergency management
Topical Term Hazard mitigation
856 40 - ELECTRONIC LOCATION AND ACCESS
Uniform Resource Identifier http://site.ebrary.com/lib/rucke/Doc?id=10379891

No items available.

© 2026 Rongo University
Contact us: librarian | system librarian | Rongo university